000 00725nam a22002057a 4500
003 0
005 20250120094703.0
008 151016b xxu||||| |||| 00| 0 eng d
050 _aPHS DG 738.14
_b.B543 2015
100 _aBertillo, Mikaela P.
245 _aThe truth behind the bogia myth /
_cMikaela P. Bertillo.
260 _aLas PiƱas, Philippines :
_bSouthville International School and Colleges,
_c2015.
300 _a36 p. :
_c28 cm.
504 _aIncludes bibliographical references.
650 _aRenaissance
_zItaly
_vHistory.
650 _aBorgia family
_vHistory.
650 _aMythology
_vInfluence on historical interpretation.
650 _aHistorical accuracy
_vMythology and legends.
942 _2lcc
_cPASS
999 _c288872
_d288872